Euroopan maantiedettä kirjaimittain - V - Statistics

Yleistilastot
  • Tätä visaa on pelattu 1 365 kertaa
  • Keskiarvotulos 12 / 20
Vastaustilastot
Vihje Vastaus % Oikein
Paavin johtama valtio Vatikaanivaltio
99%
Pinta-alaltaan maailman suurin valtio Venäjä
98%
Kanavistaan tunnettu Italian kaupunki Venetsia
94%
Liettuan pääkaupunki Vilna
92%
Euroopan ja Afrikan erottava meri {Väli}meri
84%
Maltan pääkaupunki Valletta
81%
Pompejin tuhonnut tulivuori Vesuvius
77%
Euroopan pisin joki Volga
75%
Pohjanmaan maakuntakeskus Vaasa
72%
Liechtensteinin pääkaupunki Vaduz
65%
Ranskan kuningas Ludvig XIV:n asuinpaikka Versailles
62%
Espanjan kolmanneksi suurin kaupunki Valencia
60%
Ruotsin suurin järvi Vänern
47%
"Romeon ja Julian" tapahtumapaikka Verona
47%
Gotlannin suurin kaupunki Visby
41%
Aiemmin nimellä Stalingrad tunnettu kaupunki Volgograd
40%
Bulgarian suurin rannikkokaupunki Varna
34%
Miehittämättömän Ranskan pääkaupunki toisessa maailmansodassa Vichy
29%
Puolan pisin joki Veiksel
21%
Kastilia ja Leónin pääkaupunki Valladolid
14%
Ehtoja vastaavia visoja ei löytynyt
Tulosjakauma
Jokaisen tuloksen saaneiden osuus
Persentiili vastausten määrän mukaan
Tuloshistoriasi
Et ole pelannut tätä visaa